• 首页
  • 本馆介绍
  • 公告通知
  • 最新文献
  • 馆藏检索
  • 电子资源
  • 读者导购
  • 参考咨询
  • 我的图书馆
  • 登录
  • 详细信息显示
  • 放入我的书架
  • 预约/预借图书
  • 作者相关作品
  • 分类相关作品
  • 丛书相关作品
  • 出版社相关作品

书目信息

  • 表格格式
  • 工作单格式
  • 卡片格式
题名:
安利口才
    
 
作者: 亚强 编著
分册:  
出版信息: 北京   企业管理出版社  1997
页数: 353页
开本: 20cm
丛书名:
单 册:
中图分类: F713.32
科图分类:
主题词: 推销--方法
电子资源:
ISBN: 7-80001-863-6
000 00574nam0 2200217 45
001 0197031266
005 20061017140652.07
010    @a7-80001-863-6@dCNY22.00
100    @a19971005d1997 em y0chiy0121 ea
101 0  @achi
102    @aCN@b110000
105    @ay z 000yy
200 10 @a安利口才@Aan li kou cai@e讲述直销人自己成功的故事@f亚强编著
210    @a北京@c企业管理出版社@d1997
215    @a353页@d20cm
606    @a推销@x方法
610 2  @a直销
690    @aF713.32@v3
701  0 @a亚强@Aya qiang@4编著
801  0 @aCN@bTSSF@c20061017
905    @a10447@dF713.32@e145
    
    安利口才:讲述直销人自己成功的故事/亚强编著.-北京:企业管理出版社,1997
    353页;20cm
    
    
    ISBN 7-80001-863-6:CNY22.00
    
●
相关链接 在E读中查询图书 在五车中查询图书 在当当中查询图书 在豆瓣中查询图书


正题名:安利口才     索取号:F713.32/145         预约/预借

序号 登录号 条形码 馆藏地/架位号 状态 备注
1 0503790   205037903   密集书库/ [索取号:F713.32/145] 在馆    
唐山师范学院图书馆 欢迎您!
大连网信软件有限公司© 版权所有